[Event "Zonal 1.1 (w)"]
[Site "Delden NED"]
[Date "1993.??.??"]
[Round "5"]
[White "De Vries, Sylvia"]
[Black "Flear, Christine"]
[Result "0-1"]
[WhiteElo "2175"]
[BlackElo "2195"]
[EventDate "1993.??.??"]
[PlyCount "80"]

1.d4 Nf6 2.c4 c5 3.d5 b5 4.cxb5 a6 5.Nc3 g6 6.e4 d6 7.Nf3 Nbd7 8.Bf4 axb5 
9.Bxb5 Bg7 10.e5 Nh5 11.Be3 dxe5 12.Bxc5 O-O 13.Be3 f5 14.O-O f4 15.d6 e6 
16.Bxd7 Qxd7 17.Bc5 Bb7 18.Ng5 f3 19.g3 h6 20.Re1 hxg5 21.Qd3 Qf7 22.d7 
Rfd8 23.Rad1 Bc6 24.Nb5 Rxd7 25.Nd6 Qf6 26.Qb3 Rad8 27.Qb6 Bd5 28.Qb5 Rxd6
29.Bxd6 Rxd6 30.a4 Rd8 31.b4 Qf5 32.Re3 Qh3 33.Qf1 Qxf1+ 34.Kxf1 Bf8 35.
Rb1 e4 36.a5 Bc4+ 37.Ke1 Rb8 38.Rxe4 Bd3 39.Rxe6 Bxb1 40.Rb6 Bxb4+ 0-1

[Event "Zonal 1.1 (w)"]
[Site "Delden NED"]
[Date "1993.??.??"]
[Round "5"]
[White "Foulon, Greta"]
[Black "Cooper, Deborah"]
[Result "1/2-1/2"]
[WhiteElo "2010"]
[BlackElo "2055"]
[EventDate "1993.??.??"]
[PlyCount "90"]

1.d4 Nf6 2.c4 g6 3.g3 Bg7 4.Bg2 c6 5.Nf3 O-O 6.O-O d5 7.cxd5 cxd5 8.Nc3 e6
9.Ne5 Nfd7 10.f4 Qb6 11.Kh1 Nf6 12.Na4 Qd6 13.Be3 b6 14.Rc1 Bb7 15.Nc3 a6 
16.Qb3 Nbd7 17.a4 Rab8 18.Rc2 Ne4 19.Rfc1 Nxc3 20.Rxc3 Rfc8 21.Rxc8+ Rxc8 
22.Rxc8+ Bxc8 23.Qc3 Bb7 24.Nxd7 Qxd7 25.b3 Bf8 26.Bd2 b5 27.axb5 Qxb5 28.
Bf3 a5 29.Qxa5 Qxb3 30.Qc3 Qa4 31.Kg2 Ba6 32.Kf2 Bg7 33.Ke3 Bc4 34.Kf2 Qd1
35.Qb2 h5 36.Qc3 Qb1 37.Bg2 Kh7 38.Bf3 Qf5 39.Kg2 Qf6 40.Be3 Qd8 41.Qd2 
Qb6 42.Kf2 Bf8 43.Qc1 Qb3 44.Bd2 Ba3 45.Qc3 Qa2 1/2-1/2

[Event "Zonal 1.1 (w)"]
[Site "Delden NED"]
[Date "1993.??.??"]
[Round "5"]
[White "Gervais, Claire"]
[Black "Jackson, Sheila"]
[Result "1-0"]
[WhiteElo "2185"]
[BlackElo "2215"]
[EventDate "1993.??.??"]
[PlyCount "111"]

1.d4 Nf6 2.c4 e6 3.Nc3 Bb4 4.Qc2 c5 5.dxc5 Bxc5 6.Nf3 Qb6 7.e3 Qc7 8.Be2 
a6 9.O-O Be7 10.b3 b6 11.Bb2 Bb7 12.Rac1 d6 13.Rfd1 Nbd7 14.Ng5 O-O 15.Bf3
Bxf3 16.Nxf3 Rac8 17.Ng5 h6 18.Nge4 Rfd8 19.h3 Bf8 20.Rd2 Nxe4 21.Nxe4 d5 
22.cxd5 Qxc2 23.Rdxc2 Rxc2 24.Rxc2 exd5 25.Nc3 Nf6 26.Na4 b5 27.Nb6 Be7 
28.Bd4 Ne4 29.f3 Ng5 30.Rc7 Bb4 31.Ra7 Ne6 32.Kf2 Nxd4 33.exd4 a5 34.Ra8 
Rxa8 35.Nxa8 a4 36.Nc7 axb3 37.axb3 Bc3 38.Ke3 b4 39.Nxd5 Be1 40.Ke2 Bg3 
41.Nxb4 Kf8 42.Nc6 Ke8 43.Kd3 f6 44.b4 Kd7 45.b5 Bc7 46.Kc4 Kd6 47.Na7 h5 
48.b6 Bb8 49.Kb5 Kd5 50.Nc6 Bd6 51.b7 Bc7 52.Ne7+ Kxd4 53.Kc6 Bb8 54.Kd7 
Ke3 55.Kc8 Bd6 56.Nd5+ 1-0

[Event "Zonal 1.1 (w)"]
[Site "Delden NED"]
[Date "1993.??.??"]
[Round "5"]
[White "Mora, Virginie"]
[Black "Limbach, Renate"]
[Result "1-0"]
[WhiteElo "2160"]
[BlackElo "2170"]
[EventDate "1993.??.??"]
[PlyCount "93"]

1.e4 e5 2.Bc4 d6 3.Nf3 f5 4.d3 Qe7 5.O-O f4 6.d4 Be6 7.Bxe6 Qxe6 8.dxe5 
dxe5 9.Qd5 Qxd5 10.exd5 Nd7 11.Re1 O-O-O 12.Nxe5 Nxe5 13.Rxe5 Nf6 14.Nc3 
Bd6 15.Re2 f3 16.gxf3 Bb4 17.Bd2 Bxc3 18.Bxc3 Nxd5 19.Be5 Rhf8 20.Kg2 Nf4+
21.Bxf4 Rxf4 22.Rae1 Rdf8 23.Re8+ Rxe8 24.Rxe8+ Kd7 25.Re4 Rf6 26.Kg3 Rc6 
27.c3 Ra6 28.a4 Rb6 29.b4 Rc6 30.c4 Rf6 31.Rg4 g6 32.Rh4 h5 33.Rd4+ Ke7 
34.f4 Rf5 35.Kf3 c5 36.Re4+ Kd6 37.b5 a6 38.h4 a5 39.Re8 b6 40.Rc8 Rf6 41.
Rc6+ Ke7 42.Rxf6 Kxf6 43.Ke4 Ke6 44.f3 Kd6 45.f5 g5 46.hxg5 h4 47.f4 1-0

[Event "Zonal 1.1 (w)"]
[Site "Delden NED"]
[Date "1993.??.??"]
[Round "5"]
[White "Sziva, Erika"]
[Black "Garcia Vicente, Nieves"]
[Result "1/2-1/2"]
[WhiteElo "2235"]
[BlackElo "2235"]
[EventDate "1993.??.??"]
[PlyCount "90"]

1.e4 e5 2.Nf3 Nc6 3.Bb5 Nf6 4.O-O Nxe4 5.d4 a6 6.Ba4 b5 7.Bb3 d5 8.dxe5 
Be6 9.Nbd2 Nc5 10.c3 d4 11.Bxe6 Nxe6 12.a4 dxc3 13.bxc3 Qd5 14.axb5 Qxb5 
15.c4 Qb7 16.Rb1 Bb4 17.Ne4 O-O 18.Qc2 Ncd4 19.Nxd4 Nxd4 20.Qd3 Ne6 21.Bg5
Rfb8 22.Be7 Bxe7 23.Rxb7 Rxb7 24.f4 Rd8 25.Qf3 Rb2 26.f5 Nd4 27.Qg4 Bf8 
28.Nf6+ Kh8 29.Qh4 h6 30.Nd5 Ne2+ 31.Kh1 Rdb8 32.g3 c6 33.Nf4 a5 34.e6 
Nxf4 35.Qxf4 a4 36.Qc7 R2b7 37.Qxc6 a3 38.Qa4 Rb2 39.Ra1 fxe6 40.fxe6 Re2 
41.Qa7 Bd6 42.c5 a2 43.cxd6 Rb1+ 44.Qg1 Rxg1+ 45.Kxg1 Rxe6 1/2-1/2

[Event "Zonal 1.1 (w)"]
[Site "Delden NED"]
[Date "1993.??.??"]
[Round "6"]
[White "De Kleuver, Esther"]
[Black "De Vries, Sylvia"]
[Result "1/2-1/2"]
[WhiteElo "2130"]
[BlackElo "2175"]
[EventDate "1993.??.??"]
[PlyCount "92"]

1.e4 g6 2.d4 Bg7 3.Nc3 d6 4.Nge2 Nf6 5.g3 O-O 6.Bg2 e5 7.h3 Nc6 8.Be3 Re8 
9.O-O exd4 10.Nxd4 Bd7 11.Re1 a6 12.a4 Na5 13.Qd3 c5 14.Nde2 Bc6 15.Rad1 
c4 16.Qxd6 Qxd6 17.Rxd6 Bxe4 18.Nxe4 Nxe4 19.Rd5 Nc6 20.c3 f5 21.Nf4 Rad8 
22.Rxd8 Nxd8 23.Bb6 Nf7 24.Rd1 Ne5 25.Bf1 Bf8 26.Nd5 Re6 27.Kg2 Bc5 28.
Bxc5 Nxc5 29.a5 Nb3 30.Re1 Kf7 31.Nc7 Rc6 32.Rxe5 Rxc7 33.f4 Kf6 34.Kf2 
Nc5 35.Ke3 Na4 36.Kd4 Nxb2 37.Rc5 Rd7+ 38.Ke3 Nd1+ 39.Kf3 Nxc3 40.Bxc4 Ne4
41.Rc8 Nd2+ 42.Ke2 Nxc4 43.Rxc4 Rd5 44.Rc7 Rxa5 45.Rxb7 Ra3 46.g4 Rxh3 
1/2-1/2

[Event "Zonal 1.1 (w)"]
[Site "Delden NED"]
[Date "1993.??.??"]
[Round "6"]
[White "Foulon, Greta"]
[Black "Sziva, Erika"]
[Result "0-1"]
[WhiteElo "2010"]
[BlackElo "2235"]
[EventDate "1993.??.??"]
[PlyCount "106"]

1.d4 Nf6 2.c4 g6 3.g3 Bg7 4.Bg2 d6 5.Nf3 O-O 6.Nc3 c5 7.d5 Na6 8.O-O Nc7 
9.a4 Rb8 10.e4 a6 11.a5 b5 12.axb6 Rxb6 13.Re1 Rb4 14.Nd2 e5 15.Qc2 Nh5 
16.b3 f5 17.exf5 gxf5 18.Bb2 Bd7 19.Qd1 Be8 20.Ne2 f4 21.Be4 Qg5 22.Nf3 
Qg4 23.Qd3 Bg6 24.Nd2 fxg3 25.hxg3 Nf6 26.Bxg6 hxg6 27.Nc3 Qh5 28.Nce4 Ng4
29.Nf1 Rb6 30.Re2 Nh6 31.Rae1 Ne8 32.Bc1 Nf5 33.Bb2 Nf6 34.Nxf6+ Bxf6 35.
Re4 Nh6 36.Ne3 Rfb8 37.Nd1 Rxb3 38.Qe2 Qh3 39.Qf1 Qxf1+ 40.Kxf1 Rxb2 41.
Nxb2 Rxb2 42.Ra1 Rb6 43.Ra4 Nf5 44.Re2 Bd8 45.Kg2 Kf7 46.Rea2 Rb4 47.Rxb4 
cxb4 48.Rxa6 b3 49.Ra7+ Kf6 50.Rb7 Nd4 51.Kf1 Ba5 52.Kg2 Bc3 53.Kf1 b2 0-1

[Event "Zonal 1.1 (w)"]
[Site "Delden NED"]
[Date "1993.??.??"]
[Round "6"]
[White "Garcia Vicente, Nieves"]
[Black "Gervais, Claire"]
[Result "1/2-1/2"]
[WhiteElo "2235"]
[BlackElo "2185"]
[EventDate "1993.??.??"]
[PlyCount "144"]

1.d4 e6 2.c4 f5 3.Nf3 Nf6 4.g3 d5 5.Bg2 c6 6.O-O Bd6 7.b3 Qe7 8.a4 a5 9.
Ba3 b6 10.Qc2 O-O 11.Bxd6 Qxd6 12.e3 Na6 13.Rd1 Nb4 14.Qb2 Bb7 15.Na3 Rac8
16.Rac1 Nd7 17.Nc2 Nxc2 18.Rxc2 Rfd8 19.Ne5 Nxe5 20.c5 bxc5 21.dxe5 Qf8 
22.Qc3 c4 23.bxc4 Qb4 24.c5 Ba6 25.Qxb4 axb4 26.Rb2 Rb8 27.Rd4 b3 28.Bf1 
Bxf1 29.Kxf1 Rb7 30.Rd3 Rdb8 31.Ke2 Rb4 32.Rd4 R4b7 33.h4 Kf7 34.Kd2 Ke7 
35.Rd3 Kd7 36.a5 Kc7 37.a6 Ra7 38.Rdxb3 Rxb3 39.Rxb3 Rxa6 40.Kc3 Ra4 41.
Kb2 Ra5 42.Rc3 Rb5+ 43.Kc2 Kb7 44.Kd1 Rb2 45.Ke1 g6 46.Kf1 h6 47.Ra3 g5 
48.hxg5 hxg5 49.g4 fxg4 50.Kg2 Rb4 51.Kg3 Re4 52.Rb3+ Kc7 53.Ra3 Kb8 54.
Rb3+ Kc8 55.Ra3 Rxe5 56.Kxg4 Rf5 57.Ra2 Kb7 58.Rb2+ Kc7 59.Ra2 Kb8 60.Rb2+
Kc8 61.Ra2 Kd7 62.Ra7+ Ke8 63.Kg3 e5 64.Rc7 Rf6 65.Rg7 e4 66.Rxg5 Kf7 67.
Rh5 Kg6 68.Rh8 Kf5 69.Kg2 Rg6+ 70.Kf1 Ke5 71.Rh7 Rf6 72.Ke2 Rg6 1/2-1/2

[Event "Zonal 1.1 (w)"]
[Site "Delden NED"]
[Date "1993.??.??"]
[Round "6"]
[White "Jackson, Sheila"]
[Black "Cooper, Deborah"]
[Result "1-0"]
[WhiteElo "2215"]
[BlackElo "2055"]
[EventDate "1993.??.??"]
[PlyCount "59"]

1.e4 c5 2.c3 d5 3.exd5 Qxd5 4.d4 Nf6 5.Nf3 Bg4 6.Be2 e6 7.Na3 cxd4 8.Nb5 
Na6 9.Nbxd4 Nc5 10.O-O a6 11.h3 Bh5 12.Be3 Be7 13.c4 Qd8 14.b4 Nce4 15.Qb3
Qc7 16.Rac1 O-O 17.Rfd1 Rfd8 18.a4 b6 19.g4 Bg6 20.Ne1 h5 21.Ng2 hxg4 22.
hxg4 Bd6 23.Nh4 Bh7 24.g5 e5 25.Ndf5 Nxg5 26.Bxg5 e4 27.Nxd6 Rxd6 28.Qg3 
Rxd1+ 29.Rxd1 Qc6 30.Rd6 1-0

[Event "Zonal 1.1 (w)"]
[Site "Delden NED"]
[Date "1993.??.??"]
[Round "6"]
[White "Limbach, Renate"]
[Black "Flear, Christine"]
[Result "1-0"]
[WhiteElo "2170"]
[BlackElo "2195"]
[EventDate "1993.??.??"]
[PlyCount "79"]

1.e4 d5 2.exd5 Qxd5 3.Nc3 Qa5 4.d4 Nf6 5.Bc4 Nc6 6.h3 Bf5 7.Nf3 e6 8.Bd2 
O-O-O 9.Nb5 Qb6 10.a4 a5 11.O-O Bd6 12.c3 Nd5 13.Be2 Kb8 14.c4 Ndb4 15.c5 
Bxc5 16.dxc5 Qxc5 17.Be3 Qc2 18.Qxc2 Nxc2 19.Bf4 e5 20.Nxe5 Nxe5 21.Bxe5 
Rde8 22.Bxc7+ Ka8 23.Bf3 Nxa1 24.Rxa1 Re7 25.Bxa5 Bd7 26.Bb4 Re5 27.Nd6 
Be6 28.Bxb7+ Ka7 29.Bf3 Rd8 30.Nb5+ Kb6 31.Bc3 Rg5 32.Bd4+ Ka5 33.Bc3+ Kb6
34.h4 Rg6 35.b4 Rd7 36.Bd4+ Ka6 37.Rc1 Bg4 38.Nc7+ Rxc7 39.Rxc7 Bxf3 40.
Ra7# 1-0

[Event "Zonal 1.1 (w)"]
[Site "Delden NED"]
[Date "1993.??.??"]
[Round "6"]
[White "Mora, Virginie"]
[Black "Arkell, Susan"]
[Result "0-1"]
[WhiteElo "2160"]
[BlackElo "2335"]
[EventDate "1993.??.??"]
[PlyCount "62"]

1.d4 e6 2.c4 Bb4+ 3.Nd2 Nf6 4.Nf3 b6 5.a3 Bxd2+ 6.Qxd2 Bb7 7.e3 d6 8.Be2 
Nbd7 9.O-O Ne4 10.Qc2 f5 11.b4 O-O 12.Bb2 Rf6 13.Rad1 Rh6 14.d5 e5 15.Bd3 
Ndf6 16.Ne1 Qe8 17.Be2 g5 18.g3 g4 19.Ng2 Qg6 20.Bc3 c6 21.Qb3 cxd5 22.
cxd5 Ng5 23.Nh4 Rxh4 24.gxh4 Nf3+ 25.Kh1 Nxh4 26.Be1 Qh5 27.Rd3 Nf3 28.
Bxf3 gxf3 29.Rg1+ Ng4 30.Rg2 fxg2+ 31.Kxg2 Qxh2+ 0-1

[Event "Zonal 1.1 (w)"]
[Site "Delden NED"]
[Date "1993.??.??"]
[Round "6"]
[White "Van Parreren, Hanneke"]
[Black "Hunt, Harriet"]
[Result "1/2-1/2"]
[WhiteElo "2185"]
[BlackElo "2125"]
[EventDate "1993.??.??"]
[PlyCount "76"]

1.e4 c6 2.d4 d5 3.Nd2 dxe4 4.Nxe4 Bf5 5.Ng3 Bg6 6.Bc4 e6 7.N1e2 Bd6 8.h4 
h6 9.Nf4 Ne7 10.Nxg6 Nxg6 11.Ne4 Bc7 12.h5 Ne7 13.c3 Nd7 14.Bd2 Nf5 15.Qf3
Nd6 16.Nxd6+ Bxd6 17.O-O-O Qc7 18.Kb1 Nb6 19.Bb3 O-O-O 20.Rhe1 Rhf8 21.Qg4
Rg8 22.c4 c5 23.d5 f5 24.Qf3 exd5 25.cxd5 Rgf8 26.Bc3 Qf7 27.Be5 c4 28.Rc1
Rfe8 29.Qf4 Bxe5 30.Rxe5 Rxe5 31.Qxe5 Rxd5 32.Bxc4 Rxe5 33.Bxf7+ Kd8 34.
Bg6 Nd5 35.Rd1 Ke7 36.g3 Nb4 37.a3 Nc6 38.f4 Rb5 1/2-1/2

[Event "Zonal 1.1 (w)"]
[Site "Delden NED"]
[Date "1993.??.??"]
[Round "7"]
[White "Arkell, Susan"]
[Black "Gervais, Claire"]
[Result "1-0"]
[WhiteElo "2335"]
[BlackElo "2185"]
[EventDate "1993.??.??"]
[PlyCount "81"]

1.e4 e6 2.d4 d5 3.Nc3 dxe4 4.Nxe4 Nd7 5.Nf3 Ngf6 6.Nxf6+ Nxf6 7.Bg5 Be7 8.
Bd3 c5 9.dxc5 Qa5+ 10.c3 Qxc5 11.Qe2 h6 12.Be3 Qc7 13.Bd4 Bd7 14.Ne5 Bc6 
15.O-O O-O 16.Rfe1 Qd6 17.Rad1 Qd5 18.Nxc6 Qxc6 19.c4 Rfd8 20.Bc3 Rac8 21.
b4 b6 22.Rc1 Qa4 23.Rb1 Qc6 24.a3 Nd7 25.Rec1 Bf6 26.Bxf6 Nxf6 27.c5 bxc5 
28.Rxc5 Qd6 29.Rxc8 Rxc8 30.g3 Rc3 31.Rd1 Qc7 32.a4 Nd5 33.Qb2 g6 34.b5 
Qd6 35.Bxg6 Qa3 36.Qe2 Rc1 37.Bh5 Rxd1+ 38.Qxd1 Nc3 39.Qd8+ Kg7 40.Qc7 
Qa1+ 41.Kg2 1-0

[Event "Zonal 1.1 (w)"]
[Site "Delden NED"]
[Date "1993.??.??"]
[Round "7"]
[White "Cooper, Deborah"]
[Black "Van Parreren, Hanneke"]
[Result "0-1"]
[WhiteElo "2055"]
[BlackElo "2185"]
[EventDate "1993.??.??"]
[PlyCount "136"]

1.e4 d6 2.d4 Nf6 3.Nc3 g6 4.Nf3 Bg7 5.Be2 O-O 6.O-O c6 7.Bf4 Nbd7 8.Qd2 
Qc7 9.h3 e5 10.dxe5 dxe5 11.Be3 b5 12.a3 Re8 13.Rad1 Bf8 14.Ne1 Nc5 15.Bf3
Ne6 16.Ne2 Bb7 17.c3 Rad8 18.Qc2 Rxd1 19.Qxd1 Rd8 20.Qc2 c5 21.g4 a6 22.
Ng3 Nd7 23.b3 Nb6 24.Kh2 a5 25.Ng2 a4 26.Be2 Qc6 27.f3 axb3 28.Qxb3 c4 29.
Qa2 Ra8 30.Bc1 Na4 31.Qa1 Nac5 32.Bb2 Na4 33.Bc1 Nec5 34.Bd1 Nd3 35.Ne1 
Nac5 36.Be3 Nxe1 37.Rxe1 Nd3 38.Re2 Rxa3 39.Ra2 Qa6 40.Rxa3 Qxa3 41.Qxa3 
Bxa3 42.Ne2 f6 43.Ng3 Kf7 44.Kg2 b4 45.cxb4 Bxb4 46.Kf1 Ke6 47.h4 Kd6 48.
Ke2 Bc5 49.Nf1 Bxe3 50.Nxe3 Kc5 51.Kd2 Nf4 52.Kc3 Ba6 53.Nc2 Bc8 54.Ne3 
Be6 55.Bc2 Ne2+ 56.Kd2 Nd4 57.Bd1 Kb4 58.Nc2+ Nxc2 59.Kxc2 c3 60.Be2 Bb3+ 
61.Kc1 Kc5 62.h5 gxh5 63.gxh5 h6 64.Bf1 Kd4 65.Bh3 Ke3 66.Bg4 Ba4 67.Bf5 
Kxf3 68.Bg6 Ke3 0-1

[Event "Zonal 1.1 (w)"]
[Site "Delden NED"]
[Date "1993.??.??"]
[Round "7"]
[White "De Vries, Sylvia"]
[Black "Foulon, Greta"]
[Result "1-0"]
[WhiteElo "2175"]
[BlackElo "2010"]
[EventDate "1993.??.??"]
[PlyCount "113"]

1.d4 Nf6 2.c4 g6 3.Nc3 Bg7 4.Nf3 O-O 5.e4 d6 6.Bg5 h6 7.Bh4 Nbd7 8.Be2 e5 
9.d5 a5 10.Nd2 Nc5 11.f3 Bd7 12.b3 Qe8 13.a3 Nh5 14.O-O Nf4 15.Qc2 f5 16.
Rfe1 fxe4 17.Ndxe4 Bf5 18.Bf1 g5 19.Bf2 Nxe4 20.fxe4 Bd7 21.Qd2 Qf7 22.Be3
b6 23.b4 axb4 24.axb4 Rxa1 25.Rxa1 Kh7 26.Be2 Qe8 27.Ra7 Qb8 28.Qa2 Nxe2+ 
29.Nxe2 b5 30.c5 Bg4 31.Nc3 Bh5 32.Qa5 Qd8 33.Qxb5 dxc5 34.Bxc5 Rf7 35.Qc6
Bg6 36.Ra8 Qd7 37.Qxd7 Rxd7 38.Ra7 Rf7 39.b5 Bf6 40.d6 cxd6 41.Rxf7+ Bxf7 
42.Bxd6 Be8 43.Nd5 Kg7 44.b6 Bc6 45.Kf2 Kf7 46.Bc7 Be7 47.Kf3 Bc5 48.Bxe5 
Bxd5 49.exd5 Bxb6 50.g4 Kg6 51.Ke4 h5 52.gxh5+ Kxh5 53.d6 Kg6 54.Kd5 Kf7 
55.Kc6 Ba5 56.d7 Ke7 57.Bc7 1-0

[Event "Zonal 1.1 (w)"]
[Site "Delden NED"]
[Date "1993.??.??"]
[Round "7"]
[White "Flear, Christine"]
[Black "Mora, Virginie"]
[Result "1-0"]
[WhiteElo "2195"]
[BlackElo "2160"]
[EventDate "1993.??.??"]
[PlyCount "57"]

1.d4 d6 2.e4 Nf6 3.Nc3 c6 4.f3 e5 5.Be3 Nbd7 6.Nge2 Be7 7.Qd2 Nb6 8.b3 Be6
9.g4 exd4 10.Nxd4 Qc7 11.g5 Nfd7 12.f4 Bg4 13.Rg1 Bh5 14.Nf5 Bf8 15.Ng3 
Bg4 16.h3 Be6 17.O-O-O f6 18.gxf6 Nxf6 19.f5 Bf7 20.Bf4 O-O-O 21.Nge2 Ne8 
22.Nd4 Be7 23.Ncb5 cxb5 24.Nxb5 Qb8 25.Qc3+ Nc7 26.Rxg7 Rhf8 27.Bxd6 Rd7 
28.Bxe7 Rxe7 29.Nd6+ 1-0

[Event "Zonal 1.1 (w)"]
[Site "Delden NED"]
[Date "1993.??.??"]
[Round "7"]
[White "Garcia Vicente, Nieves"]
[Black "Limbach, Renate"]
[Result "1-0"]
[WhiteElo "2235"]
[BlackElo "2170"]
[EventDate "1993.??.??"]
[PlyCount "139"]

1.d4 f5 2.Nc3 Nf6 3.Bg5 d5 4.Bxf6 exf6 5.e3 c6 6.Bd3 Bd6 7.Qf3 g6 8.Nge2 
Be6 9.Nf4 Bf7 10.h3 Na6 11.O-O-O Qa5 12.g4 fxg4 13.hxg4 O-O-O 14.Rh6 Nb4 
15.Kb1 g5 16.Bf5+ Kb8 17.Nfe2 Bg8 18.Rdh1 Bf8 19.R6h3 h6 20.Nc1 Na6 21.Bd3
Bg7 22.Nb3 Qc7 23.a3 Ka8 24.Ne2 Nb8 25.Ng3 Qe7 26.Nf5 Qf8 27.Qg3 Bh7 28.
Nc5 Bxf5 29.Bxf5 Qd6 30.Qxd6 Rxd6 31.Ne6 Rd7 32.Nxg7 Rxg7 33.Rxh6 Rxh6 34.
Rxh6 Rf7 35.Kc1 b6 36.Kd2 a5 37.e4 dxe4 38.Bxe4 Kb7 39.Rh7 Rxh7 40.Bxh7 
Na6 41.Ke3 Kc7 42.Bd3 Nb8 43.Ke4 Kd6 44.Kf5 Ke7 45.Be4 c5 46.Bd3 Nc6 47.d5
Ne5 48.Be2 Nd7 49.f4 gxf4 50.Kxf4 Kd6 51.c4 Ke7 52.Kf5 Kd6 53.Bd1 Ke7 54.
Ba4 Ne5 55.g5 Nxc4 56.gxf6+ Kf7 57.Bb3 Ne3+ 58.Ke4 c4 59.Kxe3 cxb3 60.Kd4 
Kxf6 61.a4 Kf5 62.Kc4 Ke5 63.Kb5 Kxd5 64.Kxb6 Kc4 65.Kxa5 Kc5 66.Ka6 Kc6 
67.a5 Kc7 68.Kb5 Kb7 69.Kb4 Ka6 70.Ka4 1-0

[Event "Zonal 1.1 (w)"]
[Site "Delden NED"]
[Date "1993.??.??"]
[Round "7"]
[White "Hunt, Harriet"]
[Black "Milligan-Scott, Helen"]
[Result "1-0"]
[WhiteElo "2125"]
[BlackElo "2030"]
[EventDate "1993.??.??"]
[PlyCount "47"]

1.e4 e5 2.Nf3 Nf6 3.Nxe5 d6 4.Nf3 Nxe4 5.d4 d5 6.Bd3 Be7 7.O-O Nc6 8.Re1 
Bg4 9.c4 Nf6 10.Nc3 O-O 11.cxd5 Nxd5 12.h3 Be6 13.a3 h6 14.Bc2 Nf6 15.Bf4 
a6 16.Qd3 Re8 17.Rad1 Na7 18.d5 Bd7 19.Ne5 Bf8 20.g4 g6 21.Nxf7 Bf5 22.
Qxf5 gxf5 23.Nxd8 Raxd8 24.Bxf5 1-0

[Event "Zonal 1.1 (w)"]
[Site "Delden NED"]
[Date "1993.??.??"]
[Round "7"]
[White "Sziva, Erika"]
[Black "De Kleuver, Esther"]
[Result "1/2-1/2"]
[WhiteElo "2235"]
[BlackElo "2130"]
[EventDate "1993.??.??"]
[PlyCount "62"]

1.e4 c5 2.Nf3 d6 3.d4 cxd4 4.Nxd4 Nf6 5.Nc3 a6 6.f4 e6 7.Bd3 Nbd7 8.a4 b6 
9.O-O Bb7 10.Qe2 Nc5 11.Nf3 Be7 12.e5 Nxd3 13.cxd3 dxe5 14.fxe5 Nd5 15.Ne4
O-O 16.Bg5 Bxg5 17.Nfxg5 h6 18.Nh3 Qe7 19.Rf2 f6 20.exf6 Nxf6 21.Nc3 Qd6 
22.Nf4 Rfe8 23.Raf1 Rad8 24.Nh5 Nxh5 25.Qxh5 Rf8 26.Qg6 Rxf2 27.Rxf2 Rf8 
28.Rxf8+ Kxf8 29.h3 Qe5 30.Qg4 Qe1+ 31.Kh2 Qe5+ 1/2-1/2

[Event "Zonal 1.1 (w)"]
[Site "Delden NED"]
[Date "1993.??.??"]
[Round "8"]
[White "De Kleuver, Esther"]
[Black "Hunt, Harriet"]
[Result "1-0"]
[WhiteElo "2130"]
[BlackElo "2125"]
[EventDate "1993.??.??"]
[PlyCount "47"]

1.e4 c6 2.d4 d5 3.exd5 cxd5 4.c4 Nf6 5.cxd5 Nxd5 6.Nc3 e6 7.Nf3 Bb4 8.Qc2 
Nc6 9.Bd3 Nxc3 10.bxc3 Nxd4 11.Nxd4 Qxd4 12.Bb5+ Ke7 13.O-O Qxc3 14.Qe2 
Rd8 15.Bg5+ f6 16.Rac1 Qa3 17.Rc7+ Kf8 18.Qh5 Be7 19.Be3 b6 20.Qxh7 Qd6 
21.Rc4 Kf7 22.Rg4 Bf8 23.Bh6 e5 24.Rxg7+ 1-0

[Event "Zonal 1.1 (w)"]
[Site "Delden NED"]
[Date "1993.??.??"]
[Round "8"]
[White "Gervais, Claire"]
[Black "Foulon, Greta"]
[Result "1-0"]
[WhiteElo "2185"]
[BlackElo "2010"]
[EventDate "1993.??.??"]
[PlyCount "81"]

1.d4 Nf6 2.c4 g6 3.Nc3 Bg7 4.e4 d6 5.f3 O-O 6.Bg5 c5 7.d5 e6 8.Qd2 exd5 9.
cxd5 a6 10.a4 Re8 11.Nge2 Qa5 12.Ra3 Nbd7 13.Ng3 Ne5 14.Be2 c4 15.O-O Bd7 
16.Nh1 h6 17.Be3 Qc7 18.a5 Bb5 19.Nf2 Kh7 20.Rc1 Qe7 21.Nxb5 axb5 22.Qb4 
Qd7 23.Nd1 g5 24.Nc3 g4 25.Qxb5 gxf3 26.Qxd7 Nfxd7 27.gxf3 Rec8 28.f4 Nd3 
29.Bxd3 cxd3 30.Rd1 Nc5 31.Bxc5 Rxc5 32.Rxd3 Rcxa5 33.Nb5 Bf8 34.Kf2 Kg7 
35.Rxa5 Rxa5 36.Rb3 Kf6 37.Nd4 Ra7 38.Nf5 h5 39.Rb6 Be7 40.Nxd6 Bxd6 41.
Rxd6+ 1-0

[Event "Zonal 1.1 (w)"]
[Site "Delden NED"]
[Date "1993.??.??"]
[Round "8"]
[White "Jackson, Sheila"]
[Black "Garcia Vicente, Nieves"]
[Result "0-1"]
[WhiteElo "2215"]
[BlackElo "2235"]
[EventDate "1993.??.??"]
[PlyCount "72"]

1.e4 e5 2.Nf3 Nc6 3.Bb5 a6 4.Ba4 Nf6 5.O-O Nxe4 6.d4 b5 7.Bb3 d5 8.dxe5 
Be6 9.Nbd2 Nc5 10.c3 d4 11.Bxe6 Nxe6 12.cxd4 Ncxd4 13.Ne4 Be7 14.Be3 Nf5 
15.Qc2 O-O 16.Rad1 Nxe3 17.fxe3 Qe8 18.h3 Rd8 19.Nd4 Ng5 20.Nc6 Rxd1 21.
Rxd1 Nxe4 22.Qxe4 Bg5 23.Rd3 Kh8 24.a4 Qe6 25.axb5 axb5 26.Nd4 Qc4 27.Rc3 
Qb4 28.Qf3 c5 29.Ne6 Qxb2 30.e4 Bd2 31.Rd3 Qa1+ 32.Kh2 Qxe5+ 33.g3 Qxe6 
34.Rxd2 h6 35.Rd5 Rc8 36.e5 b4 0-1

[Event "Zonal 1.1 (w)"]
[Site "Delden NED"]
[Date "1993.??.??"]
[Round "8"]
[White "Limbach, Renate"]
[Black "De Vries, Sylvia"]
[Result "1/2-1/2"]
[WhiteElo "2170"]
[BlackElo "2175"]
[EventDate "1993.??.??"]
[PlyCount "29"]

1.e4 g6 2.d4 Bg7 3.Nc3 d6 4.f4 a6 5.Nf3 b5 6.Bd3 Bb7 7.O-O Nd7 8.Ne2 c5 9.
c4 cxd4 10.Nexd4 Ngf6 11.cxb5 O-O 12.Qe2 Nc5 13.bxa6 Bxe4 14.Bxe4 Ncxe4 
15.Be3 1/2-1/2

[Event "Zonal 1.1 (w)"]
[Site "Delden NED"]
[Date "1993.??.??"]
[Round "8"]
[White "Sziva, Erika"]
[Black "Arkell, Susan"]
[Result "1/2-1/2"]
[WhiteElo "2235"]
[BlackElo "2335"]
[EventDate "1993.??.??"]
[PlyCount "34"]

1.e4 c6 2.d4 d5 3.exd5 cxd5 4.c4 Nf6 5.Nc3 e6 6.Nf3 Bb4 7.cxd5 Nxd5 8.Qc2 
Nc6 9.Bd3 Nxc3 10.bxc3 Nxd4 11.Nxd4 Qxd4 12.O-O Qxc3 13.Bb5+ Ke7 14.Qe2 
Bd6 15.Bb2 Qa5 16.Rfd1 a6 17.a4 Rd8 1/2-1/2

[Event "Zonal 1.1 (w)"]
[Site "Delden NED"]
[Date "1993.??.??"]
[Round "8"]
[White "Van Parreren, Hanneke"]
[Black "Flear, Christine"]
[Result "1/2-1/2"]
[WhiteElo "2185"]
[BlackElo "2195"]
[EventDate "1993.??.??"]
[PlyCount "32"]

1.d4 Nf6 2.c4 c5 3.d5 b5 4.cxb5 a6 5.bxa6 g6 6.g3 Bxa6 7.Bg2 d6 8.Bd2 Bg7 
9.Bc3 Nbd7 10.Nh3 O-O 11.Nf4 Nb6 12.h4 h5 13.O-O Bc8 14.a4 Ng4 15.Qc2 Bxc3
16.Nxc3 Ne5 1/2-1/2

[Event "Zonal 1.1 (w)"]
[Site "Delden NED"]
[Date "1993.??.??"]
[Round "9"]
[White "Arkell, Susan"]
[Black "De Kleuver, Esther"]
[Result "0-1"]
[WhiteElo "2335"]
[BlackElo "2130"]
[EventDate "1993.??.??"]
[PlyCount "80"]

1.b4 e5 2.Bb2 Bxb4 3.Bxe5 Nf6 4.Nf3 O-O 5.e3 d5 6.c4 c5 7.cxd5 Qxd5 8.Be2 
Nc6 9.Bxf6 gxf6 10.O-O Bf5 11.d3 Rad8 12.a3 Ba5 13.e4 Bxe4 14.dxe4 Qxe4 
15.Nbd2 Qf4 16.g3 Qh6 17.Ra2 Nd4 18.Nh4 Nxe2+ 19.Qxe2 Rxd2 20.Nf5 Qg5 21.
Rxd2 Qxd2 22.Qf3 Re8 23.Qxb7 Bb6 24.Qc6 Re6 25.Qa8+ Qd8 26.Qf3 Qd2 27.h4 
Qe2 28.Qa8+ Re8 29.Qb7 Qe6 30.Qf3 Qe2 31.Qb7 Qe6 32.Qf3 Kh8 33.Kh2 Qe2 34.
Qc3 Re6 35.Ne3 c4 36.Qb4 Kg8 37.Qxc4 Rxe3 38.Qc8+ Re8 39.Qc1 Bxf2 40.h5 
Be3+ 0-1

[Event "Zonal 1.1 (w)"]
[Site "Delden NED"]
[Date "1993.??.??"]
[Round "9"]
[White "Cooper, Deborah"]
[Black "Hunt, Harriet"]
[Result "0-1"]
[WhiteElo "2055"]
[BlackElo "2125"]
[EventDate "1993.??.??"]
[PlyCount "118"]

1.d4 d5 2.Nf3 Nf6 3.Bf4 c5 4.c3 e6 5.e3 Be7 6.Bd3 Nbd7 7.Nbd2 O-O 8.Ne5 a6
9.Qc2 Re8 10.g4 Nf8 11.f3 Bd7 12.h4 Bb5 13.h5 Bxd3 14.Qxd3 N6d7 15.Bg3 Rc8
16.f4 b5 17.O-O f6 18.Nef3 Nb6 19.Rae1 Nc4 20.Nxc4 bxc4 21.Qc2 Qb6 22.Re2 
Bd6 23.Bh4 Nd7 24.Kg2 cxd4 25.cxd4 Qc6 26.Be1 Rb8 27.g5 f5 28.Ne5 Bxe5 29.
fxe5 Rb7 30.Kg3 Qc7 31.Kf4 Reb8 32.Qc1 Qc8 33.Rc2 Qe8 34.Rh1 Nb6 35.Bb4 
Na4 36.Ba3 Qb5 37.Rhh2 Qd7 38.Bd6 Rd8 39.Ba3 Nb6 40.Qd2 Qa4 41.Qe1 Nc8 42.
Rc1 Na7 43.Ra1 Rc8 44.Qc1 Rbc7 45.Qc2 Qa5 46.Bc5 Nc6 47.Qd2 Qb5 48.a4 Qb7 
49.Bd6 Rd7 50.Ra3 Qb6 51.Rh1 Rb7 52.Rb1 Na5 53.Qc3 Nb3 54.h6 g6 55.Ra2 Qd8
56.Rg1 Na5 57.Ra3 Nc6 58.b4 cxb3 59.Qb2 Na5 0-1

[Event "Zonal 1.1 (w)"]
[Site "Delden NED"]
[Date "1993.??.??"]
[Round "9"]
[White "De Vries, Sylvia"]
[Black "Garcia Vicente, Nieves"]
[Result "1/2-1/2"]
[WhiteElo "2175"]
[BlackElo "2235"]
[EventDate "1993.??.??"]
[PlyCount "65"]

1.Nf3 d5 2.g3 Nf6 3.Bg2 c5 4.O-O Nc6 5.d3 g6 6.Nbd2 Bg7 7.c3 O-O 8.Qc2 h6 
9.Re1 e5 10.e4 d4 11.Nc4 Ne8 12.a4 Be6 13.cxd4 cxd4 14.b3 Kh7 15.Ba3 Rg8 
16.b4 Rc8 17.Rec1 f6 18.Nfd2 Bf8 19.Qb2 Nd6 20.Rc2 Nxc4 21.Nxc4 g5 22.Rac1
Rg7 23.Bf1 a5 24.bxa5 Bxa3 25.Qxa3 Nxa5 26.Nxa5 Rxc2 27.Rxc2 Qxa5 28.Rc5 
Qd2 29.a5 h5 30.a6 bxa6 31.Qxa6 Qa2 32.Ra5 Qb3 33.Rb5 1/2-1/2

[Event "Zonal 1.1 (w)"]
[Site "Delden NED"]
[Date "1993.??.??"]
[Round "9"]
[White "Flear, Christine"]
[Black "Sziva, Erika"]
[Result "1/2-1/2"]
[WhiteElo "2195"]
[BlackElo "2235"]
[EventDate "1993.??.??"]
[PlyCount "45"]

1.d4 Nf6 2.c4 g6 3.Nc3 Bg7 4.e4 d6 5.Nge2 a6 6.Ng3 h5 7.h4 c6 8.a4 a5 9.
Be2 Na6 10.Bf4 Qb6 11.Qd2 Ng4 12.Bxg4 Bxg4 13.f3 Be6 14.d5 Bd7 15.Be3 Qb4 
16.Bd4 Bh6 17.Qe2 O-O 18.O-O Nc5 19.Ra3 e5 20.Bf2 Qb6 21.Rd1 Qc7 22.Be3 
Bg7 23.Qd2 1/2-1/2